000 00797cam a2200253 4500
008 000000n2001 000 0 eng u
020 _a0860175545
035 _a(Sirsi) u112153
050 _a682.8
100 _aRichmond-Coggan, D.
245 _aConstruction contract incentivisation schemes - lessons from experience.
260 _aLondon
_bCIRIA
_c2001
300 _a123p. ; 30cm.
350 _a40.00
490 _aCIRIA Publication
_vC554
500 _aPrepared under contract to CIRIA by Mouchel
650 _aBUILT ENVIRONMENT-BUILDING CONTRACT FORMS
650 _aSUPPLY CHAIN MANAGEMENT
650 _aCONSTRUCTION MANAGEMENT
_96230
650 _aProcurement-old
650 _aProject management
_96261
690 _aBUILT ENVIRONMENT-BUILDING CONTRACT FORMS
942 _n0
999 _c101366
_d101366